Práca a mzda odborný časopis pre otázky odmeňovania, pracovného práva, personalistiky, kolektívneho vyjednávania a pre sociálnu oblasť

Gespeichert in:
Bibliographische Detailangaben
Format: Schriftenreihe
Sprache:Slowakisch
Veröffentlicht: Praha Práce 1996
Schlagworte:
Tags: Tag hinzufügen
Keine Tags, Fügen Sie das erste Tag hinzu!

MARC

LEADER 00000nas2a2200000 4500
001 s107437
005 20221220131310.5
022 |a 1211-0930 
041 0 |a slo 
044 |a SK 
245 1 0 |a Práca a mzda  |b odborný časopis pre otázky odmeňovania, pracovného práva, personalistiky, kolektívneho vyjednávania a pre sociálnu oblasť 
264 1 |a Praha  |b Práce  |c 1996 
300 |a 1 zv. 
773 0 |w eu_un_cat*s120015 
610 2 0 |a práca 
610 2 0 |a mzdy 
610 2 0 |a právo pracovné 
610 2 0 |a politika mzdová